[Event "Criciuma op-B"]
[Site "Criciuma"]
[Date "2024.01.14"]
[Round "4"]
[White "Brand, Leticia Soethe"]
[Black "De Bortolo, Artur Mattos"]
[Result "1/2-1/2"]
[WhiteElo "1645"]
[BlackElo "1359"]
[PlyCount "120"]
[EventDate "2024.01.12"]
[EventType "swiss"]
[EventRounds "9"]
[EventCountry "BRA"]
[SourceTitle "CB04_2024"]
[SourceDate "2023.10.16"]
[SourceVersion "1"]
[SourceVersionDate "2023.10.16"]
[SourceQuality "1"]

1. e4 c5 2. Nf3 d6 3. d4 cxd4 4. Nxd4 Nf6 5. Nc3 g6 6. Be3 Bg7 7. f3 0-0 8. Qd2 Nc6 9. 0-0-0 d5 10. Kb1 Nxd4 11. Bxd4 dxe4 12. Bxf6 Qxd2 13. Rxd2 exf6 14. Nxe4 Be6 15. Be2 b6 16. Rhd1 f5 17. Ng5 Bf6 18. Nxe6 fxe6 19. Bc4 Rfe8 20. Re1 Rad8 21. Rxd8 Rxd8 22. Bxe6+ Kg7 23. Bc4 Rd2 24. Bf1 Kf7 25. c3 Bg5 26. Bc4+ Kg7 27. Re2 Rxe2 28. Bxe2 Kf6 29. Kc2 Ke5 30. Kd3 Kd5 31. Bd1 Bc1 32. b4 h6 33. g3 g5 34. a4 f4 35. g4 a5 36. Bb3+ Ke5 37. Bf7 axb4 38. cxb4 Be3 39. Kc4 Kd6 40. a5 bxa5 41. bxa5 Kc6 42. Bd5+ Kc7 43. Be4 Bf2 44. Kd5 Kd7 45. a6 Kc7 46. Ke6 Kb6 47. Bd3 Bc5 48. Kf7 Bg1 49. h3 Bf2 50. Kg6 Bg3 51. Kxh6 Bh4 52. Kg6 Ka7 53. Kf6 Kb6 54. Ke6 Bf2 55. Kd7 Ka7 56. Kc8 Bh4 57. Kd7 Bf2 58. Ke6 Bh4 59. Kf5 Kb6 60. Bc4 Ka7 1/2-1/2

[Event "Criciuma op-B"]
[Site "Criciuma"]
[Date "2024.01.12"]
[Round "1"]
[White "De Bortolo, Artur Mattos"]
[Black "Figueiredo, Bryan da Silva"]
[Result "1/2-1/2"]
[WhiteElo "1359"]
[BlackElo "1749"]
[PlyCount "54"]
[EventDate "2024.01.12"]
[EventType "swiss"]
[EventRounds "9"]
[EventCountry "BRA"]
[SourceTitle "CB04_2024"]
[SourceDate "2023.10.16"]
[SourceVersion "1"]
[SourceVersionDate "2023.10.16"]
[SourceQuality "1"]

1. e4 c5 2. Nf3 Nc6 3. d3 g6 4. g3 Bg7 5. Bg2 e5 6. 0-0 Nf6 7. a4 0-0 8. Nc3 d6 9. h3 Be6 10. Bg5 h6 11. Bxf6 Bxf6 12. Nd2 Nd4 13. Ne2 Nxe2+ 14. Qxe2 d5 15. exd5 Bxd5 16. Ne4 Bxe4 17. Qxe4 Rb8 18. Qc4 Qd4 19. c3 Qxc4 20. dxc4 Rfd8 21. Bd5 a6 22. f4 Rd7 23. Rae1 exf4 24. Rxf4 Kg7 25. Ref1 Rd6 26. R1f2 b6 27. g4 g5 1/2-1/2

[Event "Joacaba op 2nd"]
[Site "Joacaba"]
[Date "2023.07.01"]
[Round "3"]
[White "Cubas, Jose Fernando Pedro"]
[Black "De Bortolo, Artur Mattos"]
[Result "0-1"]
[WhiteElo "1701"]
[BlackElo "1284"]
[PlyCount "94"]
[EventDate "2023.06.30"]
[EventType "swiss"]
[EventRounds "6"]
[EventCountry "BRA"]
[SourceTitle "CBM 215 Extra"]
[Source "ChessBase"]
[SourceDate "2023.09.30"]
[SourceVersion "1"]
[SourceVersionDate "2023.09.30"]
[SourceQuality "1"]

1. e4 c5 2. Nf3 d6 3. c3 Nf6 4. Be2 Bd7 5. e5 dxe5 6. Nxe5 Nc6 7. Nxd7 Qxd7 8. 0-0 g6 9. Qa4 a6 10. c4 Bg7 11. Nc3 0-0 12. d3 Rad8 13. Qc2 Nd4 14. Qd1 Nxe2+ 15. Nxe2 Qxd3 16. Qxd3 Rxd3 17. Nf4 Rd4 18. b3 Rfd8 19. Be3 Re4 20. g3 Ng4 21. Rae1 Nxe3 22. fxe3 e6 23. Rf3 Bh6 24. Ng2 g5 25. Ref1 f5 26. Re1 Rd3 27. Rf2 g4 28. Rfe2 Kf7 29. Nf4 Bxf4 30. exf4 Rxe2 31. Rxe2 Ke7 32. Kg2 Kd6 33. h4 b5 34. h5 bxc4 35. bxc4 Rc3 36. Rd2+ Kc6 37. Kf2 Rxc4 38. Re2 Kd5 39. Rd2+ Rd4 40. Ke3 Rxd2 41. Kxd2 Kd4 42. Kc2 Ke3 43. Kc3 Kf3 44. Kc4 Kxg3 45. Kxc5 Kxf4 46. Kd6 g3 47. Kxe6 g2 0-1

[Event "Caioba op 7th"]
[Site "Caioba"]
[Date "2023.06.19"]
[Round "2"]
[White "Fraga, Heitor Carneiro"]
[Black "De Bortolo, Artur Mattos"]
[Result "1-0"]
[WhiteElo "1780"]
[BlackElo "1284"]
[PlyCount "83"]
[EventDate "2023.06.18"]
[EventType "swiss"]
[EventRounds "9"]
[EventCountry "BRA"]
[SourceTitle "CBM 214 Extra"]
[Source "ChessBase"]
[SourceDate "2023.07.31"]
[SourceVersion "1"]
[SourceVersionDate "2023.07.31"]
[SourceQuality "1"]

1. e4 c5 2. Nf3 d6 3. d4 cxd4 4. Nxd4 Nf6 5. Nc3 g6 6. Be3 Bg7 7. f3 Nc6 8. Qd2 0-0 9. g4 a6 10. Be2 Bd7 11. 0-0-0 Ne5 12. Rdg1 Rc8 13. h4 Nc4 14. Bxc4 Rxc4 15. h5 Qc7 16. Nf5 Re8 17. hxg6 fxg6 18. Nxg7 Kxg7 19. g5 Ng8 20. Qh2 Rxc3 21. Bd4+ e5 22. Qxh7+ Kf8 23. Bxc3 Re7 24. Qxg6 Rg7 25. Qh5 Be8 26. Qh2 Rf7 27. Rf1 Qb6 28. Kb1 Qe3 29. Bd2 Qd4 30. g6 Rg7 31. Bh6 Nxh6 32. Qxh6 Bxg6 33. f4 Bh7 34. Rhg1 exf4 35. Qxf4+ Ke8 36. Qf8+ Kd7 37. Rxg7+ Kc6 38. Qc8+ Kb5 39. Rxb7+ Ka4 40. Qd7+ Ka5 41. Qc7+ Ka4 42. b3+ 1-0

[Event "Florianopolis op 9th"]
[Site "Florianopolis"]
[Date "2023.01.27"]
[Round "7"]
[White "Fanckin, Murilo"]
[Black "De Bortolo, Artur Mattos"]
[Result "1-0"]
[WhiteElo "1384"]
[BlackElo "1181"]
[PlyCount "29"]
[EventDate "2023.01.23"]
[EventType "swiss"]
[EventRounds "10"]
[EventCountry "BRA"]
[SourceTitle "CBM 212 Extra"]
[Source "ChessBase"]
[SourceDate "2023.03.31"]
[SourceVersion "1"]
[SourceVersionDate "2023.03.31"]
[SourceQuality "1"]

1. d4 Nf6 2. c4 g6 3. Nc3 Bg7 4. Nf3 0-0 5. e3 d6 6. Bd3 Nbd7 7. 0-0 e5 8. Bc2 Re8 9. Re1 c6 10. b3 Qc7 11. Bb2 Nf8 12. Rc1 e4 13. Nd2 Bf5 14. Ne2 Qd7 15. Ng3 1-0

[Event "Florianopolis op 9th"]
[Site "Florianopolis"]
[Date "2023.01.24"]
[Round "2"]
[White "De Bortolo, Artur Mattos"]
[Black "Luz, Christian Oliveira"]
[Result "0-1"]
[WhiteElo "1181"]
[BlackElo "1594"]
[PlyCount "90"]
[EventDate "2023.01.23"]
[EventType "swiss"]
[EventRounds "10"]
[EventCountry "BRA"]
[SourceTitle "CBM 212 Extra"]
[Source "ChessBase"]
[SourceDate "2023.03.31"]
[SourceVersion "1"]
[SourceVersionDate "2023.03.31"]
[SourceQuality "1"]

1. Nf3 Nf6 2. g3 c6 3. Bg2 d5 4. 0-0 g6 5. d3 Bg7 6. Nbd2 0-0 7. e4 dxe4 8. dxe4 Bg4 9. h3 Bc8 10. c3 a5 11. Qc2 Qc7 12. a4 Na6 13. Nc4 Nd7 14. Be3 e5 15. Rfd1 Ndc5 16. Nfd2 Be6 17. f4 f6 18. fxe5 fxe5 19. Na3 Rfb8 20. b4 Nd7 21. Rdb1 Bf8 22. bxa5 Bxa3 23. Rxa3 Qxa5 24. Nb3 Qc7 25. Bh6 c5 26. Be3 b5 27. axb5 Nb4 28. Qb2 Nd3 29. Qa2 Rxa3 30. Qxa3 Rxb5 31. Qa8+ Nb8 32. Nd2 Rxb1+ 33. Nxb1 Kg7 34. Nd2 Qc8 35. Bf1 Nb2 36. Qa3 Qb7 37. Qxc5 Nd7 38. Qe7+ Bf7 39. g4 Qc6 40. Qb4 Nd1 41. Bf2 Nxc3 42. Qb2 Nxe4 43. Nxe4 Qxe4 44. Bb5 Bd5 45. Ba7 Qh1+ 0-1

[Event "Florianopolis op 9th"]
[Site "Florianopolis"]
[Date "2023.01.23"]
[Round "1"]
[White "Valcarcel, Victor Ignacio Sant"]
[Black "De Bortolo, Artur Mattos"]
[Result "1-0"]
[WhiteElo "1873"]
[BlackElo "1181"]
[PlyCount "47"]
[EventDate "2023.01.23"]
[EventType "swiss"]
[EventRounds "10"]
[EventCountry "BRA"]
[SourceTitle "CBM 212 Extra"]
[Source "ChessBase"]
[SourceDate "2023.03.31"]
[SourceVersion "1"]
[SourceVersionDate "2023.03.31"]
[SourceQuality "1"]

1. e4 e6 2. Nc3 d5 3. Nf3 Nf6 4. e5 Nfd7 5. d4 c5 6. dxc5 Nc6 7. Bf4 Bxc5 8. Bd3 h6 9. 0-0 Qb6 10. h3 Qc7 11. Qe2 0-0 12. Nb5 Qb6 13. c4 dxc4 14. Bxc4 a6 15. Nc3 Na5 16. Bd3 Nc6 17. Qe4 g6 18. Bxh6 Re8 19. Qf4 Nd4 20. Ne4 Nxf3+ 21. gxf3 Bf8 22. Bxf8 Rxf8 23. Qh6 Re8 24. Nf6+ 1-0

[Event "Criciuma op"]
[Site "Criciuma"]
[Date "2023.01.16"]
[Round "5"]
[White "Leacina, Gisele Santiago"]
[Black "De Bortolo, Artur Mattos"]
[Result "0-1"]
[WhiteElo "1326"]
[BlackElo "1181"]
[PlyCount "120"]
[EventDate "2023.01.13"]
[EventType "swiss"]
[EventRounds "9"]
[EventCountry "BRA"]
[SourceTitle "CBM 212 Extra"]
[Source "ChessBase"]
[SourceDate "2023.03.31"]
[SourceVersion "1"]
[SourceVersionDate "2023.03.31"]
[SourceQuality "1"]

1. e4 e6 2. d4 d5 3. Nc3 Nf6 4. e5 Nfd7 5. f4 c5 6. Nf3 Nc6 7. Be3 Be7 8. Be2 0-0 9. 0-0 f6 10. Kh1 fxe5 11. fxe5 a6 12. Qd2 cxd4 13. Bxd4 Nxd4 14. Qxd4 Qc7 15. b4 Qb6 16. Qg4 Nb8 17. a3 Qe3 18. Bd3 Qh6 19. Rf2 Nc6 20. Raf1 Bd7 21. Nxd5 Rac8 22. Nxe7+ Nxe7 23. Ng5 Ng6 24. Rxf8+ Rxf8 25. Rxf8+ Nxf8 26. Qf4 Qh5 27. Be2 Qg6 28. Ne4 Bc6 29. Bd3 Bxe4 30. Bxe4 Qh5 31. g4 Qh3 32. Qf3 Qxf3+ 33. Bxf3 b6 34. c4 Nd7 35. Bb7 a5 36. Bc8 Nxe5 37. Bxe6+ Kf8 38. bxa5 bxa5 39. h3 Ke7 40. Bd5 Kd6 41. Kg2 Kc5 42. Kf2 Nxc4 43. Bg8 h6 44. Bxc4 Kxc4 45. Ke3 Kb3 46. Kd3 Kxa3 47. Kc3 g5 48. Kd4 Kb3 49. Ke5 a4 50. Kf5 a3 51. Kg6 a2 52. Kxh6 a1Q 53. Kxg5 Qg7+ 54. Kf4 Kc4 55. g5 Kd5 56. Kf5 Qf7+ 57. Kg4 Ke5 58. h4 Qh7 59. Kg3 Qh5 60. Kh3 Kf4 0-1

[Event "Criciuma op"]
[Site "Criciuma"]
[Date "2023.01.15"]
[Round "4"]
[White "De Bortolo, Artur Mattos"]
[Black "Cardoso, Lucas Emanuel Alves"]
[Result "1/2-1/2"]
[WhiteElo "1181"]
[BlackElo "1550"]
[PlyCount "33"]
[EventDate "2023.01.13"]
[EventType "swiss"]
[EventRounds "9"]
[EventCountry "BRA"]
[SourceTitle "CBM 212 Extra"]
[Source "ChessBase"]
[SourceDate "2023.03.31"]
[SourceVersion "1"]
[SourceVersionDate "2023.03.31"]
[SourceQuality "1"]

1. Nf3 Nf6 2. g3 g6 3. Bg2 Bg7 4. 0-0 0-0 5. d3 d6 6. c4 c5 7. Nc3 Nc6 8. a3 Bd7 9. Rb1 a5 10. Bd2 Qc8 11. Na4 Ra6 12. Nc3 Bh3 13. Nb5 Bxg2 14. Kxg2 d5 15. Bc3 dxc4 16. dxc4 Rd8 17. Qc2 1/2-1/2

[Event "Concordia op 6th"]
[Site "Concordia"]
[Date "2022.10.13"]
[Round "4"]
[White "Dalla Costa, Luis Otavio"]
[Black "De Bortolo, Artur Mattos"]
[Result "1/2-1/2"]
[WhiteElo "1800"]
[BlackElo "1181"]
[PlyCount "67"]
[EventDate "2022.10.12"]
[EventType "swiss"]
[EventRounds "9"]
[EventCountry "BRA"]
[SourceTitle "CBM 210 Extra"]
[Source "ChessBase"]
[SourceDate "2022.11.30"]
[SourceVersion "1"]
[SourceVersionDate "2022.11.30"]
[SourceQuality "1"]

1. e4 e6 2. Nc3 d5 3. exd5 exd5 4. d4 Nf6 5. Nf3 Bd6 6. Bd3 0-0 7. 0-0 h6 8. Re1 Bg4 9. Be2 Re8 10. Ne5 Bxe5 11. dxe5 Bxe2 12. Rxe2 Ne4 13. Bf4 Nxc3 14. bxc3 c6 15. Rb1 b6 16. Bg3 Nd7 17. c4 Nc5 18. cxd5 Qxd5 19. Qxd5 cxd5 20. Rd1 Na4 21. Rd3 Rad8 22. f4 Rd7 23. c4 Red8 24. cxd5 Rxd5 25. Rxd5 Rxd5 26. Rc2 Rc5 27. Rxc5 Nxc5 28. f5 Kf8 29. Kf2 Ne4+ 30. Kf3 Nxg3 31. Kxg3 g6 32. f6 a5 33. a4 Ke8 34. Kf4 1/2-1/2